000 00348nam a2200121Ia 4500
008 240731s9999 xx 000 0 und d
022 _a1470-112X
245 0 _aResearch in Drama Education: The Journal of Applied Theatre and Performance
260 _bRoutledge
856 _uhttps://www.tandfonline.com/loi/crde20
942 _2ddc
942 _cTFEJ
999 _c79211
_d79211
945 _a1
_bMadushi Gamage
_c1
_dMadushi Gamage